| 000 | 00424 a2200169 4500 | ||
|---|---|---|---|
| 003 | OSt | ||
| 005 | 20230602122905.0 | ||
| 008 | 230602b xxu||||| |||| 00| 0 eng d | ||
| 020 | _a9781403144195 | ||
| 040 | _c/ | ||
| 082 |
_a299.93620 _bHUB |
||
| 100 | _cL.Ron Hubbard | ||
| 245 |
_aScientology _bThe Fundamentals of Thought |
||
| 260 |
_aCalifonia _bBridge Publications, Inc _c1956 |
||
| 300 | _a243 pages | ||
| 942 |
_2ddc _cBK |
||
| 999 |
_c130 _d130 |
||